Una chaqueta para morir : el fusilamiento de dorrego /

Guardado en:
Autor Principal: Orgambide, Pedro
Formato: Libro
Publicado: Buenos Aires : Temas, 1998
Materias:
Etiquetas: Agregar Etiqueta
Sin Etiquetas, Sea el primero en etiquetar este registro!
LEADER 00696nam a22002415a 4500
001 CEM.cems016982
005 20111006113306.0
008 130507s1998##################000#0#####d
003 CEMS
020 |a 9879164199 
082 0 4 |a A863.4 
100 1 |a Orgambide, Pedro 
245 1 0 |a Una chaqueta para morir :  |b el fusilamiento de dorrego /  |c Pedro Orgambide 
260 |a Buenos Aires :  |b Temas,  |c 1998 
300 |a 154 p. 
653 |a Literatura 
653 |a Literatura argentina 
653 |a Novelas 
653 |a Novela argentina 
653 |a Novela histórica 
653 |a Historia argentina 
653 |a Dorrego-fusilamiento 
859 |a CEMS  |b BIB. CEMS - Agricultura  |h A863.4  |i Or35  |p A19665.98  |t Ej.1